[Event "Saint Chély d'Aubrac Op"]
[Site "Saint Chély d'Aubrac"]
[Date "2004.07.17"]
[Round "1.11"]
[White "Voiska, Margarita"]
[Black "Giraud, Sylvain"]
[Result "1-0"]
[WhiteElo "2387"]
[BlackElo "1850"]
[PlyCount "89"]
[EventDate "2004.07.??"]

1. Nf3 Nf6 2. c4 c5 3. b3 b6 4. Bb2 Bb7 5. Nc3 e6 6. g3 Be7 7. Bg2 O-O 8. O-O
d6 9. e3 Nbd7 10. d4 a6 11. d5 e5 12. a4 Bc8 13. Ng5 Rb8 14. f4 Ne8 15. Nf3
exf4 16. gxf4 Ndf6 17. e4 Nc7 18. e5 Ng4 19. Qd3 Nh6 20. Ne4 Bf5 21. Nfd2 Ne8
22. Qg3 Bh4 23. Qc3 Be7 24. Rae1 f6 25. e6 Nc7 26. Ng3 Qe8 27. Nf3 Bg4 28. Nh4
Kh8 29. h3 Bh5 30. f5 b5 31. axb5 axb5 32. Bc1 Ng8 33. Re4 bxc4 34. bxc4 Rb4
35. Qe1 Ra4 36. Nxh5 Qxh5 37. Bf3 Qe8 38. Rg4 Ra1 39. Ng6+ hxg6 40. Qh4+ Nh6
41. Bxh6 Rxf1+ 42. Kxf1 g5 43. Bxg5+ Kg8 44. Bh6 g5 45. fxg6 1-0

[Event "Saint Chély d'Aubrac Op"]
[Site "Saint Chély d'Aubrac"]
[Date "2004.07.17"]
[Round "1.20"]
[White "Baudry, Alain"]
[Black "Riff, Sébastien"]
[Result "0-1"]
[WhiteElo "1710"]
[BlackElo "2196"]
[PlyCount "110"]
[EventDate "2004.07.??"]

1. d4 Nf6 2. c4 g6 3. Nf3 Bg7 4. Nc3 O-O 5. e4 d6 6. Bd3 e5 7. d5 Nbd7 8. b4 a5
9. bxa5 Rxa5 10. O-O Nc5 11. Bc2 Nh5 12. Be3 Nf4 13. Qd2 b6 14. a4 Bg4 15. Ne1
Qf6 16. Ra3 Rfa8 17. f3 Bd7 18. g3 Nh3+ 19. Kg2 Qe7 20. Nd3 Nxd3 21. Qxd3 f5
22. Nb5 f4 23. Bd2 Ng5 24. Bxa5 Bh3+ 25. Kg1 Bxf1 26. Qxf1 Rxa5 27. g4 Nf7 28.
Ra2 Bf6 29. Bd1 Bh4 30. Qd3 Be1 31. Rb2 Ra8 32. Qf1 Ba5 33. Qd3 Nd8 34. Qf1 Nb7
35. Qf2 Nc5 36. Qf1 Na6 37. Qf2 Bb4 38. Kh1 Bc5 39. Qd2 Be3 40. Qe1 Nc5 41. Ra2
Kf8 42. Qf1 Kg7 43. Bc2 Na6 44. Bd1 Qd7 45. Qe1 c6 46. dxc6 Qxc6 47. Qc3 Nc5
48. Bc2 h5 49. h3 hxg4 50. hxg4 Rh8+ 51. Kg2 Qd7 52. Qe1 Kf6 53. Qd1 Nb7 54.
Qd5 Qh7 55. Qd1 Qh3# 0-1

[Event "Saint Chély d'Aubrac Op"]
[Site "Saint Chély d'Aubrac"]
[Date "2004.07.17"]
[Round "1.8"]
[White "Guidez, Thomas"]
[Black "Collas, Didier"]
[Result "0-1"]
[WhiteElo "1892"]
[BlackElo "2422"]
[PlyCount "158"]
[EventDate "2004.07.??"]

1. e4 c5 2. Nf3 e6 3. c3 Nf6 4. e5 Nd5 5. d4 cxd4 6. Bc4 Nb6 7. Bb3 dxc3 8.
Nxc3 d5 9. exd6 Qxd6 10. O-O Qxd1 11. Rxd1 a6 12. Be3 N6d7 13. Ne4 b5 14. Nd6+
Bxd6 15. Rxd6 Bb7 16. Ng5 O-O 17. Nxe6 fxe6 18. Bxe6+ Rf7 19. Bxf7+ Kxf7 20.
Rad1 Nf8 21. f3 Bc8 22. Kf2 Nbd7 23. b3 Nf6 24. Rc6 Ne6 25. Rdc1 Bd7 26. R6c2
a5 27. a3 a4 28. b4 Ke7 29. Bc5+ Kf7 30. Be3 Ke7 31. Bc5+ Ke8 32. Re1 Rc8 33.
Rec1 Nd5 34. Be3 Rb8 35. Rd1 Nb6 36. Rcd2 Nf8 37. Bxb6 Rxb6 38. Re1+ Be6 39.
Rc2 Nd7 40. Rc8+ Ke7 41. f4 Kf6 42. Rd1 Rb7 43. Rc6 Kf7 44. Rdd6 Bc4 45. h3 Nf6
46. Rd4 Re7 47. Rcxc4 bxc4 48. Rxc4 Ne4+ 49. Kg1 Nd2 50. Rc8 Re1+ 51. Kh2 Ra1
52. b5 Rb1 53. Rc7+ Kf6 54. Ra7 Rxb5 55. Rxa4 h5 56. Rb4 Ra5 57. a4 h4 58. Rb6+
Kf7 59. Rb7+ Kg6 60. Rb6+ Kh7 61. Rb5 Rxa4 62. Rh5+ Kg8 63. Rxh4 Ra1 64. Kg3
Ra3+ 65. Kf2 Ne4+ 66. Ke2 g6 67. Rg4 Kf7 68. Rh4 Kg7 69. g4 Rb3 70. Ke1 Re3+
71. Kd1 Rf3 72. f5 g5 73. Rh5 Rxh3 74. Rxh3 Nf2+ 75. Ke2 Nxh3 76. Kf3 Kf6 77.
Ke4 Nf2+ 78. Kf3 Nd3 79. Ke3 Ne5 0-1

[Event "Saint Chély d'Aubrac Op"]
[Site "Saint Chély d'Aubrac"]
[Date "2004.07.18"]
[Round "2.1"]
[White "Milanovic, Dino"]
[Black "Sokolov, Andrei"]
[Result "0-1"]
[WhiteElo "2149"]
[BlackElo "2583"]
[PlyCount "82"]
[EventDate "2004.07.??"]

1. e4 c5 2. Nf3 e6 3. d4 cxd4 4. Nxd4 a6 5. Nc3 b5 6. Bd3 Ne7 7. a4 b4 8. Na2
Nbc6 9. Nb3 Ng6 10. O-O Be7 11. c3 bxc3 12. Nxc3 O-O 13. Be3 Na5 14. f4 Rb8 15.
Bc2 Nc4 16. Bd4 d6 17. f5 Nge5 18. Qh5 Bf6 19. fxe6 fxe6 20. Rf2 Bd7 21. Raf1
Qe7 22. Bd1 Rb4 23. Na2 Rxa4 24. Nac1 Rb4 25. Bc3 Rbb8 26. Qh3 Bg5 27. Rxf8+
Rxf8 28. Rxf8+ Qxf8 29. Bf3 Bxc1 30. Nxc1 Qf4 31. Ne2 Qe3+ 32. Kf1 Nd2+ 33.
Bxd2 Qxd2 34. Qh4 g5 35. Qg3 Nxf3 36. Qxf3 Bb5 37. Qg4 Qxe2+ 38. Qxe2 Kf7 39.
Qxb5 axb5 40. Ke2 Kf6 41. Ke3 Ke5 0-1

[Event "Saint Chély d'Aubrac Op"]
[Site "Saint Chély d'Aubrac"]
[Date "2004.07.18"]
[Round "2.2"]
[White "Apicella, Manuel"]
[Black "Coste, Thierry"]
[Result "1-0"]
[WhiteElo "2532"]
[BlackElo "2149"]
[PlyCount "75"]
[EventDate "2004.07.??"]

1. e4 c5 2. Nf3 Nc6 3. d4 cxd4 4. Nxd4 g6 5. Nc3 Bg7 6. Be3 Nf6 7. Bc4 Qa5 8.
O-O O-O 9. Nb3 Qc7 10. Re1 d6 11. h3 b6 12. Bf1 Bb7 13. Bg5 Na5 14. Nd5 Bxd5
15. exd5 a6 16. Nxa5 bxa5 17. Qd2 Rfe8 18. c4 Rab8 19. Rab1 e5 20. dxe6 fxe6
21. Rbd1 Rbd8 22. Qc3 Ne4 23. Bxd8 Rxd8 24. Qe3 Nc5 25. b3 Qb8 26. h4 Qb4 27.
h5 Qc3 28. hxg6 hxg6 29. Bd3 Qf6 30. Bc2 Kf7 31. Qg3 e5 32. Re3 Bh6 33. Rf3 Bf4
34. Qg4 Rg8 35. Rh3 Rg7 36. Qc8 Rg8 37. Qc7+ Qe7 38. Rh7+ 1-0

[Event "Saint Chély d'Aubrac Op"]
[Site "Saint Chély d'Aubrac"]
[Date "2004.07.18"]
[Round "2.3"]
[White "Pucher, Sebastien"]
[Black "Meijers, Viesturs"]
[Result "0-1"]
[WhiteElo "2135"]
[BlackElo "2477"]
[PlyCount "46"]
[EventDate "2004.07.??"]

1. e4 c5 2. Nf3 e6 3. Nc3 a6 4. d4 cxd4 5. Nxd4 b5 6. g3 Bb7 7. Bg2 h5 8. h3 b4
9. Na4 Nf6 10. Qd3 d5 11. e5 Ne4 12. Be3 Nd7 13. Nf3 Bc6 14. b3 Bb5 15. Qd4 Qc7
16. c4 bxc3 17. Rc1 c2 18. Nd2 Nxe5 19. Nxe4 dxe4 20. Bxe4 Rd8 21. Rxc2 Rxd4
22. Bxd4 Bb4+ 23. Kd1 Qd8 0-1

[Event "Saint Chély d'Aubrac Op"]
[Site "Saint Chély d'Aubrac"]
[Date "2004.07.18"]
[Round "2.4"]
[White "Popchev, Milko"]
[Black "Uhoda, Philippe"]
[Result "1-0"]
[WhiteElo "2449"]
[BlackElo "2140"]
[PlyCount "81"]
[EventDate "2004.07.??"]

1. Nc3 g6 2. d4 Nf6 3. e4 d6 4. g3 Bg7 5. Bg2 O-O 6. Nge2 e5 7. O-O Nc6 8. dxe5
dxe5 9. Bg5 Qxd1 10. Rfxd1 Nb4 11. a3 Na6 12. b4 h6 13. Be3 Ng4 14. Bc1 h5 15.
Nd5 Be6 16. h3 Nf6 17. Bb2 Ne8 18. f4 exf4 19. Bxg7 Kxg7 20. gxf4 Rd8 21. Ne3
Rxd1+ 22. Rxd1 c6 23. e5 Nec7 24. c4 Bc8 25. Nc3 Ne6 26. f5 Nf4 27. Ne4 Nxg2
28. f6+ Kh6 29. Kxg2 Re8 30. Nd6 Rf8 31. Nxc8 Rxc8 32. Rd7 Rc7 33. Re7 Kg5 34.
Kf3 Rxe7 35. fxe7 Nc7 36. Nd5 Ne8 37. Nf6 Nc7 38. Ke4 Kh4 39. e6 fxe6 40. Ke5
g5 41. Kd6 1-0

[Event "Saint Chély d'Aubrac Op"]
[Site "Saint Chély d'Aubrac"]
[Date "2004.07.18"]
[Round "2.5"]
[White "Deiller, Pascal"]
[Black "Gaponenko, Inna"]
[Result "0-1"]
[WhiteElo "2123"]
[BlackElo "2448"]
[PlyCount "112"]
[EventDate "2004.07.??"]

1. d4 d5 2. Nc3 Nf6 3. Bg5 Nbd7 4. Nf3 c6 5. e3 g6 6. Bd3 Bg7 7. O-O O-O 8. Re1
Re8 9. e4 dxe4 10. Nxe4 Nxe4 11. Rxe4 h6 12. Bh4 Nb6 13. h3 a5 14. c3 Nd5 15.
Qd2 Bf5 16. Ree1 Bxd3 17. Qxd3 Qb6 18. Rab1 Qa6 19. Qxa6 Rxa6 20. Nd2 b5 21.
Ne4 Raa8 22. Bg3 f5 23. Nc5 f4 24. Bh2 e5 25. dxe5 Bxe5 26. g3 g5 27. Kg2 Kf7
28. gxf4 Bxf4 29. Nd3 Bxh2 30. Kxh2 Kf6 31. Kg3 Kf5 32. Rbc1 Nf6 33. Kf3 Rad8
34. Rxe8 Nxe8 35. Ke2 Nd6 36. f3 Nf7 37. b3 Nh8 38. Rg1 h5 39. Nc5 Ra8 40. Nd3
Ng6 41. Ke3 Rd8 42. Rc1 Nh4 43. Rf1 Ng2+ 44. Ke2 Nf4+ 45. Nxf4 Kxf4 46. Rg1 c5
47. b4 axb4 48. cxb4 c4 49. Rc1 Ra8 50. Rc2 Ra3 51. Rd2 Re3+ 52. Kf2 Rxf3+ 53.
Kg2 Rg3+ 54. Kh2 Rd3 55. Rc2 c3 56. Rf2+ Ke4 0-1

[Event "Saint Chély d'Aubrac Op"]
[Site "Saint Chély d'Aubrac"]
[Date "2004.07.18"]
[Round "2.6"]
[White "Birens, Eric-Andre"]
[Black "Mrdja, Milan"]
[Result "0-1"]
[WhiteElo "2105"]
[BlackElo "2432"]
[PlyCount "62"]
[EventDate "2004.07.??"]

1. d4 Nf6 2. c4 c5 3. d5 e5 4. Nc3 d6 5. e4 Be7 6. Bd3 Nbd7 7. h3 h5 8. Be3 Nf8
9. Qd2 Ng6 10. g3 h4 11. g4 Nh7 12. Nf3 a6 13. a4 Bd7 14. a5 O-O 15. Ke2 f6 16.
Na4 Bxa4 17. Rxa4 Ng5 18. Ne1 Qd7 19. Ra3 Nxh3 20. f3 Nhf4+ 21. Kf2 Rfb8 22.
Rb3 Bd8 23. Bxf4 Nxf4 24. Bc2 Qa4 25. Rb6 Qxc4 26. Rxd6 Qb5 27. Bd3 c4 28. Bf1
Qc5+ 29. Qe3 Qxd6 30. Bxc4 Bxa5 31. Nd3 Bb6 0-1

[Event "Saint Chély d'Aubrac Op"]
[Site "Saint Chély d'Aubrac"]
[Date "2004.07.18"]
[Round "2.7"]
[White "Collas, Didier"]
[Black "Rabineau, Clement"]
[Result "1-0"]
[WhiteElo "2422"]
[BlackElo "2135"]
[PlyCount "63"]
[EventDate "2004.07.??"]

1. Nf3 d5 2. d4 Nc6 3. c4 Bg4 4. Nc3 dxc4 5. d5 Bxf3 6. exf3 Ne5 7. Bf4 Nd3+ 8.
Bxd3 cxd3 9. O-O Nf6 10. Qb3 b6 11. Nb5 Rc8 12. Nxa7 Ra8 13. Nb5 Rc8 14. Nc3
Qd7 15. Rad1 Qf5 16. Qc4 g5 17. Bg3 h5 18. Rfe1 Kd8 19. Rxd3 Nd7 20. Nb5 Nc5
21. Rdd1 Rh6 22. Nxc7 h4 23. Ne6+ Ke8 24. Re5 Qf6 25. Qb5+ Nd7 26. Nxf8 hxg3
27. Qxd7+ Kxf8 28. Qxc8+ Kg7 29. Qf5 gxf2+ 30. Kxf2 Qxf5 31. Rxf5 f6 32. d6 1-0

[Event "Saint Chély d'Aubrac Op"]
[Site "Saint Chély d'Aubrac"]
[Date "2004.07.18"]
[Round "2.8"]
[White "Hennemann, Xavier"]
[Black "Santo-Roman, Marc"]
[Result "1-0"]
[WhiteElo "2104"]
[BlackElo "2403"]
[PlyCount "64"]
[EventDate "2004.07.??"]

1. e4 c5 2. Nf3 e6 3. d4 cxd4 4. Nxd4 Qb6 5. Nb3 Qc7 6. Nc3 a6 7. Bd3 b5 8. Be3
Nf6 9. f4 Bb7 10. Qf3 d5 11. exd5 Nbd7 12. Qe2 Nxd5 13. Nxd5 Bxd5 14. a4 Bb4+
15. Nd2 O-O 16. axb5 axb5 17. O-O Rxa1 18. Rxa1 Bc5 19. Qf2 Rb8 20. Ne4 Bxe3
21. Qxe3 b4 22. Ra7 Qc6 23. Qd4 h6 24. g3 f5 25. Nf2 Nf6 26. h3 b3 27. c4 Rb4
28. Qc3 Rxc4 29. Bxc4 Bxc4 30. Qa5 Bd5 31. Qd8+ Ne8 32. Re7 Kh7 1-0

[Event "Saint Chély d'Aubrac Op"]
[Site "Saint Chély d'Aubrac"]
[Date "2004.07.18"]
[Round "2.9"]
[White "Riff, Jean-Noel"]
[Black "Lagunes, Jean-Renaud"]
[Result "1-0"]
[WhiteElo "2401"]
[BlackElo "2117"]
[PlyCount "75"]
[EventDate "2004.07.??"]

1. e4 d5 2. exd5 Qxd5 3. Nc3 Qa5 4. d4 Nf6 5. Nf3 Bf5 6. Bc4 e6 7. Bd2 c6 8.
Nd5 Qd8 9. Nxf6+ Qxf6 10. Qe2 Nd7 11. O-O-O Bg4 12. d5 Bxf3 13. gxf3 cxd5 14.
Bxd5 O-O-O 15. Be4 Bd6 16. Be3 Nb6 17. a4 Qe5 18. Bd4 Qa5 19. Kb1 e5 20. Bxb6
Qxb6 21. Rd5 a6 22. Rd3 Qa5 23. Rb3 Qxa4 24. Bxb7+ Kd7 25. Rg1 g6 26. Bd5 Rb8
27. Bxf7 Rhf8 28. Qd3 Rb4 29. Qd5 Rxb3 30. cxb3 Qd4 31. Qe6+ Kd8 32. Rc1 Bc5
33. b4 Rxf7 34. Qxf7 Bxb4 35. Qg8+ Kd7 36. Qxh7+ Be7 37. Qxg6 a5 38. Qc6+ 1-0

[Event "Saint Chély d'Aubrac Op"]
[Site "Saint Chély d'Aubrac"]
[Date "2004.07.18"]
[Round "2.10"]
[White "Duffau, Pascal"]
[Black "Voiska, Margarita"]
[Result "0-1"]
[WhiteElo "2081"]
[BlackElo "2387"]
[PlyCount "134"]
[EventDate "2004.07.??"]

1. Nf3 g6 2. c4 Bg7 3. Nc3 c5 4. d4 cxd4 5. Nxd4 Nc6 6. Nxc6 bxc6 7. e4 Bxc3+
8. bxc3 Qa5 9. Qd4 f6 10. Be2 d6 11. O-O Be6 12. Be3 c5 13. Qd3 Qc7 14. Rab1
Bd7 15. Rfd1 Bc6 16. Bg4 Kf7 17. Rd2 h5 18. Bd1 Nh6 19. Bxh6 Rxh6 20. Ba4 Rhh8
21. Bxc6 Qxc6 22. Qd5+ Qxd5 23. cxd5 Rhb8 24. Rdb2 Rb6 25. Kf1 Rab8 26. Rxb6
axb6 27. Ke2 Ra8 28. Rb2 Ra4 29. Kd3 f5 30. f3 fxe4+ 31. fxe4 b5 32. Rf2+ Kg7
33. Rb2 Ra3 34. g3 b4 35. Rc2 bxc3 36. e5 dxe5 37. Ke4 Kf7 38. Kxe5 Ra6 39.
Rxc3 Rxa2 40. h4 Ra5 41. Rc4 Rb5 42. Rc3 Ke8 43. Ke6 Rb4 44. Ke5 Rg4 45. d6 c4
46. Ke6 exd6 47. Kxd6 Kf7 48. Rf3+ Kg7 49. Ke5 g5 50. hxg5 Rxg5+ 51. Kd4 Rg4+
52. Ke5 Kh6 53. Rc3 Rg7 54. Kd4 Kg5 55. Rxc4 Kg4 56. Rc1 Rf7 57. Rc8 Kxg3 58.
Rg8+ Kf3 59. Rh8 Rf4+ 60. Kd3 h4 61. Kd2 Kf2 62. Kd3 Rf3+ 63. Ke4 h3 64. Ra8
Kg2 65. Ra2+ Rf2 66. Ra8 h2 67. Rg8+ Kf1 0-1

[Event "Saint Chély d'Aubrac Op"]
[Site "Saint Chély d'Aubrac"]
[Date "2004.07.18"]
[Round "2.11"]
[White "Crut, Aurelien"]
[Black "Capron, Daniel"]
[Result "1-0"]
[WhiteElo "2355"]
[BlackElo "2105"]
[PlyCount "61"]
[EventDate "2004.07.??"]

1. e4 d6 2. d4 Nf6 3. Nc3 Nbd7 4. f4 e5 5. Nf3 c6 6. dxe5 dxe5 7. Bc4 exf4 8.
Bxf4 Qa5 9. Ng5 Bb4 10. Bxf7+ Ke7 11. O-O h6 12. e5 hxg5 13. exf6+ gxf6 14. Bg3
Kxf7 15. Ne4 Be7 16. c4 Kg6 17. Qc2 f5 18. Rae1 Nf6 19. Nxg5 Kxg5 20. Re5 Bc5+
21. Kh1 Rf8 22. Rexf5+ Bxf5 23. Qxf5+ Kh6 24. Bf4+ Kg7 25. Be5 Bd4 26. Qg5+ Kh7
27. Qh4+ Kg6 28. Qg3+ Kh6 29. Bxd4 Rae8 30. Bxf6 Rxf6 31. Rxf6+ 1-0

[Event "Saint Chély d'Aubrac Op"]
[Site "Saint Chély d'Aubrac"]
[Date "2004.07.18"]
[Round "2.12"]
[White "Larand, Manuel"]
[Black "Seret, Jean-Luc"]
[Result "1/2-1/2"]
[WhiteElo "2060"]
[BlackElo "2351"]
[PlyCount "38"]
[EventDate "2004.07.??"]

1. c4 c6 2. Nf3 d5 3. g3 dxc4 4. Bg2 b5 5. a4 Bb7 6. Na3 a6 7. b3 cxb3 8. Qxb3
e6 9. Ne5 Nf6 10. Bb2 b4 11. a5 Be7 12. Nc2 O-O 13. Nxb4 Ra7 14. Nbxc6 Nxc6 15.
Bxc6 Qa8 16. Qf3 Nd5 17. Bd4 Bf6 18. Bxb7 Rxb7 19. O-O Rb5 {(=)} 1/2-1/2

[Event "Saint Chély d'Aubrac Op"]
[Site "Saint Chély d'Aubrac"]
[Date "2004.07.18"]
[Round "2.13"]
[White "Todorov, Ognjan"]
[Black "Tanguy, Fabien"]
[Result "1-0"]
[WhiteElo "2349"]
[BlackElo "2094"]
[PlyCount "87"]
[EventDate "2004.07.??"]

1. d4 d5 2. Nf3 Nf6 3. c4 e6 4. g3 h6 5. Bg2 c5 6. O-O Nc6 7. cxd5 Nxd5 8. dxc5
Bxc5 9. Qc2 Qb6 10. a3 O-O 11. b4 Bd4 12. Nxd4 Nxd4 13. Qb2 Nc6 14. e4 Nf6 15.
Bxh6 Qd4 16. Bc1 e5 17. Nc3 Bg4 18. h3 Bh5 19. Be3 Qc4 20. Rac1 Nd4 21. Bxd4
Qxd4 22. g4 Bg6 23. Rfd1 Qb6 24. Nd5 Nxd5 25. exd5 Qd6 26. Rc5 f5 27. gxf5 Rxf5
28. Rdc1 Raf8 29. Rc8 Be8 30. R1c2 Rg5 31. Rd2 Qf6 32. Qc3 Qg6 33. f3 Rg3 34.
Qxe5 Bd7 35. Rxf8+ Kxf8 36. Kh2 Rg5 37. Qb8+ Kf7 38. Qc7 Qf5 39. Rd4 Rxg2+ 40.
Kxg2 Qxh3+ 41. Kg1 g5 42. Rg4 Ke8 43. Qe5+ Kd8 44. Rxg5 1-0

[Event "Saint Chély d'Aubrac Op"]
[Site "Saint Chély d'Aubrac"]
[Date "2004.07.18"]
[Round "2.14"]
[White "Lombart, Philippe"]
[Black "Collas, Silvia"]
[Result "0-1"]
[WhiteElo "2043"]
[BlackElo "2344"]
[PlyCount "100"]
[EventDate "2004.07.??"]

1. d4 Nf6 2. c4 c5 3. d5 Ne4 4. Nc3 Nxc3 5. bxc3 g6 6. e4 Bg7 7. Qc2 d6 8. Bd3
Nd7 9. f4 Qa5 10. Ne2 a6 11. O-O b5 12. e5 bxc4 13. Be4 O-O 14. Bd2 Ra7 15. h4
dxe5 16. fxe5 Nxe5 17. h5 Rd7 18. hxg6 hxg6 19. Nf4 Rd6 20. Rab1 Rfd8 21. Be1
Qc7 22. Bg3 Qd7 23. Qe2 Qg4 24. Qxg4 Bxg4 25. Rb7 Bf6 26. Rfb1 e6 27. dxe6 Bxe6
28. Nxe6 Rxe6 29. Rb8 Rxb8 30. Rxb8+ Kg7 31. Bd5 Rd6 32. Bxe5 Rxd5 33. Bxf6+
Kxf6 34. Rb6+ Ke5 35. Rxa6 Rd3 36. Ra3 Ke4 37. Kf2 Rd2+ 38. Kg3 Rc2 39. Kh2 f5
40. Ra6 g5 41. Rc6 Rxc3 42. Rxc5 g4 43. a4 f4 44. a5 Rc2 45. a6 f3 46. Ra5
Rxg2+ 47. Kh1 g3 48. a7 Rh2+ 49. Kg1 f2+ 50. Kf1 Rh1+ 0-1

[Event "Saint Chély d'Aubrac Op"]
[Site "Saint Chély d'Aubrac"]
[Date "2004.07.18"]
[Round "2.15"]
[White "Mullon, Jean-Baptiste"]
[Black "Laine, Patrice"]
[Result "1-0"]
[WhiteElo "2327"]
[BlackElo "2070"]
[PlyCount "63"]
[EventDate "2004.07.??"]

1. e4 c5 2. Nf3 e6 3. d4 cxd4 4. Nxd4 a6 5. Bd3 Qc7 6. O-O b5 7. a4 b4 8. c3
Nf6 9. Qe2 Bb7 10. e5 Nd5 11. c4 Ne7 12. f4 Nbc6 13. Nb3 g6 14. N1d2 Nf5 15.
Ne4 O-O-O 16. c5 Nfd4 17. Nxd4 Nxd4 18. Qe1 Nb3 19. Be3 Bxe4 20. Bxe4 Bxc5 21.
Rd1 d5 22. exd6 Rxd6 23. Rxd6 Qxd6 24. Kh1 Rd8 25. h3 Kb8 26. Bf3 Nd4 27. Bxd4
Bxd4 28. Qe4 Qd5 29. Qe2 Qd6 30. Rd1 Qb6 31. a5 Qa7 32. Qc4 1-0

[Event "Saint Chély d'Aubrac Op"]
[Site "Saint Chély d'Aubrac"]
[Date "2004.07.18"]
[Round "2.16"]
[White "Labarthe, Arnaud"]
[Black "Pucher, Olivier"]
[Result "0-1"]
[WhiteElo "2028"]
[BlackElo "2294"]
[PlyCount "92"]
[EventDate "2004.07.??"]

1. d4 Nf6 2. c4 e6 3. Nc3 Bb4 4. Nf3 b6 5. Bg5 Bb7 6. e3 h6 7. Bh4 g5 8. Bg3
Bxc3+ 9. bxc3 d6 10. Nd2 Nbd7 11. f3 h5 12. h4 g4 13. Bd3 e5 14. Bf5 Rg8 15.
Kf2 Qe7 16. Qc2 Kf8 17. Rab1 Re8 18. Rhe1 e4 19. Bf4 Kg7 20. Bg5 Nf8 21. fxg4
hxg4 22. Nf1 Ne6 23. Ng3 Rh8 24. Qe2 Reg8 25. Bxg4 Kf8 26. Bxe6 Qxe6 27. Kg1
Nd7 28. Rf1 Ba6 29. d5 Qg6 30. Qg4 Ne5 31. Qxe4 Bxc4 32. Qxg6 Rxg6 33. Rf4 Bxd5
34. e4 Bc4 35. Nf5 f6 36. Ne3 Ke7 37. Nxc4 Nxc4 38. Rbf1 fxg5 39. Rf7+ Kd8 40.
hxg5 Rxg5 41. Rf8+ Rxf8 42. Rxf8+ Kd7 43. Kf2 Ra5 44. g4 Rxa2+ 45. Kg3 Ne5 46.
g5 Rc2 0-1

[Event "Saint Chély d'Aubrac Op"]
[Site "Saint Chély d'Aubrac"]
[Date "2004.07.18"]
[Round "2.17"]
[White "Olivier, Pierre"]
[Black "Tholey, Jean-Paul"]
[Result "1-0"]
[WhiteElo "2224"]
[BlackElo "2057"]
[PlyCount "113"]
[EventDate "2004.07.??"]

1. Nf3 d5 2. c4 e6 3. d4 Nf6 4. Nc3 Be7 5. Bg5 Nbd7 6. e3 O-O 7. Rc1 Re8 8. Bd3
c6 9. O-O Nf8 10. a3 Bd7 11. Ne5 dxc4 12. Bxc4 Nd5 13. Bxe7 Qxe7 14. Ne4 Rac8
15. Nc5 b6 16. Ncxd7 Nxd7 17. Bxd5 Nxe5 18. Be4 Red8 19. Bxh7+ Kxh7 20. Qh5+
Kg8 21. Qxe5 Rd5 22. Qe4 c5 23. h3 Qd7 24. dxc5 Rcxc5 25. Rxc5 Rxc5 26. Qa8+
Kh7 27. Qf3 Qc7 28. Qe4+ Kg8 29. g3 Rc2 30. Qd4 e5 31. Qb4 Qd7 32. h4 Qd5 33.
Qa4 Rxb2 34. Qxa7 e4 35. Qe7 Qf5 36. Qd8+ Kh7 37. Qd4 Ra2 38. Qxb6 Rxa3 39. Qb8
Ra2 40. Qc7 g6 41. Qe7 Kg7 42. Qd6 Rc2 43. Qd1 Qc5 44. Qg4 Qd5 45. Qf4 Rc6 46.
Qg4 Rf6 47. Kg2 Qc6 48. h5 Qd5 49. Rh1 Rf5 50. hxg6 fxg6 51. Qh4 Rf8 52. Qh6+
Kf7 53. Ra1 Qd6 54. Ra7+ Kf6 55. Qg7+ (55. Rg7 Kf5 56. Rxg6 Qxg6 57. Qxf8+)
55... Kg5 56. Rd7 Qf6 57. Rd5+ 1-0

[Event "Saint Chély d'Aubrac Op"]
[Site "Saint Chély d'Aubrac"]
[Date "2004.07.18"]
[Round "2.18"]
[White "Moutaux, Robert"]
[Black "Hassler, Franck"]
[Result "0-1"]
[WhiteElo "1957"]
[BlackElo "2198"]
[PlyCount "48"]
[EventDate "2004.07.??"]

1. d4 f5 2. g3 Nf6 3. Bg2 g6 4. Nc3 Bg7 5. e4 fxe4 6. Nxe4 O-O 7. Nxf6+ Bxf6 8.
Ne2 c5 9. O-O cxd4 10. Bh6 Re8 11. Nxd4 Qb6 12. c3 Qxb2 13. Qd3 Qa3 14. Qc4+ e6
15. Nb5 Qe7 16. Nc7 d5 17. Qb5 Bd7 18. Qd3 Nc6 19. Nxa8 Rxa8 20. Be3 Qa3 21.
Bxd5 Ne5 22. Qe4 exd5 23. Qxd5+ Kh8 24. Bd4 Bc6 0-1

[Event "Saint Chély d'Aubrac Op"]
[Site "Saint Chély d'Aubrac"]
[Date "2004.07.18"]
[Round "2.19"]
[White "Riff, Sebastien"]
[Black "Corke, Anya"]
[Result "1-0"]
[WhiteElo "2196"]
[BlackElo "2042"]
[PlyCount "67"]
[EventDate "2004.07.??"]

1. e4 c5 2. Nf3 e6 3. d4 cxd4 4. Nxd4 a6 5. Bd3 Bc5 6. Nb3 Ba7 7. Nc3 d6 8. Qe2
Ne7 9. Be3 b5 10. O-O Nbc6 11. Rad1 O-O 12. a3 Qc7 13. Kh1 Ne5 14. f4 Nc4 15.
Bxc4 bxc4 16. Nd4 f6 17. Rd2 Rb8 18. Rb1 Bd7 19. Nf3 Bxe3 20. Qxe3 Rb6 21. b4
cxb3 22. cxb3 Rc8 23. Rd3 Rc6 24. Ne2 Rc2 25. Nfd4 Ra2 26. Rc3 Qb6 27. b4 e5
28. Rxc8+ Nxc8 29. Qb3+ Kf8 30. Qxa2 exd4 31. Qd2 Qc6 32. Qd3 d5 33. exd5 Qxd5
34. Qxd4 1-0

[Event "Saint Chély d'Aubrac Op"]
[Site "Saint Chély d'Aubrac"]
[Date "2004.07.18"]
[Round "2.20"]
[White "Desboeufs, Alexandre"]
[Black "Baeumlin, Francois"]
[Result "1/2-1/2"]
[WhiteElo "2010"]
[BlackElo "2010"]
[PlyCount "29"]
[EventDate "2004.07.??"]

1. e4 c5 2. f4 d5 3. exd5 Qxd5 4. Nc3 Qd8 5. Nf3 Nf6 6. Bb5+ Bd7 7. Bxd7+ Nbxd7
8. O-O e6 9. d3 Be7 10. Qe1 O-O 11. Ne4 Qc7 12. Bd2 Rac8 13. Rd1 Rfd8 14. g3
Nd5 15. Neg5 {(=)} 1/2-1/2

[Event "Saint Chély d'Aubrac Op"]
[Site "Saint Chély d'Aubrac"]
[Date "2004.07.18"]
[Round "2.21"]
[White "Paci, Romain"]
[Black "Prie, Eric"]
[Result "0-1"]
[WhiteElo "1700"]
[BlackElo "2441"]
[PlyCount "96"]
[EventDate "2004.07.??"]

1. e4 d5 2. exd5 Qxd5 3. Nc3 Qa5 4. d4 Nf6 5. Nf3 Bf5 6. Bc4 c6 7. Bd2 e6 8.
Nd5 Qd8 9. Nxf6+ Qxf6 10. Qe2 Bg4 11. O-O-O Be7 12. Bc3 Qf5 13. h3 Bxf3 14.
gxf3 Nd7 15. Rdg1 Bf6 16. Qe4 g6 17. Rd1 O-O-O 18. h4 Nb6 19. Bb3 h5 20. a4 Nd5
21. Bxd5 Rxd5 22. b3 Rhd8 23. Bb2 Bxd4 24. Rxd4 Rxd4 25. Bxd4 Qxe4 26. fxe4
Rxd4 27. f3 e5 28. Rg1 Kd7 29. Rg3 Rd6 30. c3 Rf6 31. Kd2 Rf4 32. Rh3 Ke7 33.
Ke3 f5 34. exf5 Rxf5 35. Rh2 Rf6 36. Re2 Rd6 37. f4 exf4+ 38. Kxf4+ Kf6 39. Rf2
Rd1 40. Ke4+ Ke6 41. Rg2 Kf7 42. Rf2+ Kg7 43. Ke5 Rd3 44. Ke6 Re3+ 45. Kd6 Rxc3
46. Re2 Rxb3 47. Re4 a5 48. Kc5 Rb4 0-1

[Event "Saint Chély d'Aubrac Op"]
[Site "Saint Chély d'Aubrac"]
[Date "2004.07.18"]
[Round "2.22"]
[White "De Biasi, Robert"]
[Black "Nass, Emile"]
[Result "1-0"]
[WhiteElo "1690"]
[BlackElo "2008"]
[PlyCount "149"]
[EventDate "2004.07.??"]

1. c4 e5 2. Nc3 Nf6 3. g3 Nc6 4. Bg2 d6 5. d3 Be7 6. Nf3 O-O 7. O-O Be6 8. b3
h6 9. Bb2 Qc8 10. d4 exd4 11. Nxd4 Nxd4 12. Qxd4 Bh3 13. Nd5 Re8 14. Rfe1 Bxg2
15. Kxg2 Qd7 16. f3 c6 17. Nxe7+ Qxe7 18. e4 Qe6 19. e5 dxe5 20. Rxe5 Qxe5 21.
Qxe5 Rxe5 22. Bxe5 Rd8 23. Bxf6 Rd2+ 24. Kh3 gxf6 25. f4 Kf8 26. f5 Ke7 27. g4
Kd6 28. b4 c5 29. a3 b6 30. b5 Rc2 31. Rd1+ Ke7 32. Re1+ Kf8 33. Re3 Rxc4 34.
Kg3 Rd4 35. h4 c4 36. Kf3 Rd5 37. a4 Rc5 38. Rc3 Ke7 39. Ke4 Kd6 40. Kd4 Rd5+
41. Kxc4 Rc5+ 42. Kd4 Rxc3 43. Kxc3 Ke5 44. Kc4 Ke4 45. h5 Ke5 46. Kd3 Kf4 47.
Kd4 Kxg4 48. Kd5 Kxf5 49. Kc6 Ke6 50. Kb7 f5 51. Kxa7 f4 52. a5 f3 53. axb6 f2
54. b7 f1=Q 55. b8=Q Qa1+ 56. Kb7 Qh1+ 57. Kc8 f5 58. Qb6+ Ke5 59. Qc7+ Kd4 60.
Qd6+ Ke3 61. Qxh6+ f4 62. Qe6+ Kd2 63. Qd6+ Ke3 64. Qe5+ Kd3 65. Qxf4 Qxh5 66.
Qd6+ Ke4 67. b6 Qe8+ 68. Kc7 Qf7+ 69. Qd7 Qf4+ 70. Kb7 Qe5 71. Qg4+ Kd5 72.
Qg2+ Ke6 73. Qg6+ Kd5 74. Qc6+ Kd4 75. Kc8 1-0

[Event "Saint Chély d'Aubrac Op"]
[Site "Saint Chély d'Aubrac"]
[Date "2004.07.18"]
[Round "2.23"]
[White "Strohmann, Matthieu"]
[Black "Desboeufs, Claude"]
[Result "1-0"]
[WhiteElo "2000"]
[BlackElo "1622"]
[PlyCount "88"]
[EventDate "2004.07.??"]

1. e4 d6 2. d4 Nf6 3. Nc3 g6 4. f3 Bg7 5. Be3 O-O 6. Qd2 Nbd7 7. Bh6 a6 8. Nge2
b5 9. h4 e5 10. h5 Nxh5 11. g4 Nf4 12. Bxg7 Kxg7 13. Nxf4 exf4 14. Qxf4 Rh8 15.
O-O-O h6 16. Qg3 Nb6 17. Bd3 b4 18. Ne2 Qg5+ 19. Kb1 Qa5 20. Nc1 Na4 21. Nb3
Nc3+ 22. bxc3 Qb6 23. cxb4 Qxb4 24. Qe1 c5 25. Qxb4 cxb4 26. Na5 Bd7 27. Nc4
Ra7 28. Nxd6 a5 29. Bb5 Bxb5 30. Nxb5 Rb7 31. Nd6 Rb6 32. e5 a4 33. Kb2 Rhb8
34. d5 b3 35. cxb3 axb3 36. a3 Ra8 37. Nc4 Rb7 38. d6 Rd8 39. Na5 Rb5 40. Nc6
Rc8 41. d7 Rxc6 42. d8=Q Rc2+ 43. Kb1 Rbc5 44. Qf6+ Kh7 1-0